Автоматизированная система управления стендами тестирования погружного электрооборудования; Современные технологии автоматизации; № 3

Détails bibliographiques
Parent link:Современные технологии автоматизации: производственно-технический журнал.— , 2000-.— 0206-975X
№ 3.— 2004.— С. 16-23
Auteur principal: Комелин А.
Langue:russe
Publié: 2004
Collection:Системная интеграция/нефтегазовая промышленность
Sujets:
Format: Chapitre de livre
KOHA link:https://koha.lib.tpu.ru/cgi-bin/koha/opac-detail.pl?biblionumber=393051

MARC

LEADER 00000naa2a2200000 4500
001 393051
005 20231101064337.0
035 |a (RuTPU)RU\TPU\prd\28885 
090 |a 393051 
100 |a 20041015a2004 k y0rusy50 ca 
101 0 |a rus 
102 |a RU 
200 1 |a Автоматизированная система управления стендами тестирования погружного электрооборудования  |f А. Комелин 
225 1 |a Системная интеграция/нефтегазовая промышленность 
461 1 |0 (RuTPU)RU\TPU\prd\1759  |x 0206-975X  |t Современные технологии автоматизации  |o производственно-технический журнал  |d 2000- 
463 1 |0 (RuTPU)RU\TPU\prd\27854  |t № 3  |v С. 16-23  |d 2004 
610 1 |a автоматизированные системы 
610 1 |a системы управления 
610 1 |a управление стендами 
610 1 |a электрооборудование 
610 1 |a тестирование 
610 1 |a погружное оборудование 
700 1 |a Комелин  |b А. 
801 1 |a RU  |b 63413507  |c 20041015  |g PSBO 
801 2 |a RU  |b 63413507  |c 20131217  |g RCR 
942 |c BK